Online
Catalog

El cuerpo femenino / (Record no. 23164)

MARC details
000 -CABECERA
campo de control de longitud fija 00773nam a2200241 a 4500
001 - NÚMERO DE CONTROL
campo de control 000023668
005 - FECHA Y HORA DE LA ÚLTIMA TRANSACCIÓN
campo de control 20200930022402.0
008 - DATOS DE LONGITUD FIJA--INFORMACIÓN GENERAL
campo de control de longitud fija 101217s1993 sp a r 000 0 spa d
020 ## - NÚMERO INTERNACIONAL ESTÁNDAR DEL LIBRO
Número Internacional Estándar del Libro 8420646164
040 ## - FUENTE DE LA CATALOGACIÓN
Centro catalogador/agencia de origen DO-SdBNP
Lengua de catalogación spa
Centro/agencia transcriptor BNPHU
082 ## - NÚMERO DE LA CLASIFICACIÓN DECIMAL DEWEY
Número de clasificación 612.62
Número de documento/Ítem K41c
100 1# - ENTRADA PRINCIPAL--NOMBRE DE PERSONA
Nombre de persona Kervasdoué, Anne de
Fechas asociadas al nombre 1944-
9 (RLIN) 48761
245 10 - MENCIÓN DE TÍTULO
Título El cuerpo femenino /
Mención de responsabilidad, etc. Anne de Kervasdoué ; traducción de Carmen Santos Fontenla.
260 ## - PUBLICACIÓN, DISTRIBUCIÓN, ETC.
Lugar de publicación, distribución, etc. Madrid :
Nombre del editor, distribuidor, etc. Alianza,
Fecha de publicación, distribución, etc. 1993.
300 ## - DESCRIPCIÓN FÍSICA
Extensión 95 p. :
Otras características físicas il. ;
Dimensiones 15 cm.
490 1# - MENCIÓN DE SERIE
Mención de serie Alianza Cien
Designación de volumen o secuencia 16
500 ## - NOTA GENERAL
Nota general Libro de bolsillo
650 #4 - PUNTO DE ACCESO ADICIONAL DE MATERIA--TÉRMINO DE MATERIA
Término de materia o nombre geográfico como elemento de entrada Aparato genital femenino
9 (RLIN) 2375
650 #4 - PUNTO DE ACCESO ADICIONAL DE MATERIA--TÉRMINO DE MATERIA
Término de materia o nombre geográfico como elemento de entrada Orgasmo femenino
9 (RLIN) 48762
650 #4 - PUNTO DE ACCESO ADICIONAL DE MATERIA--TÉRMINO DE MATERIA
Término de materia o nombre geográfico como elemento de entrada Excitación sexual
9 (RLIN) 48763
700 1# - PUNTO DE ACCESO ADICIONAL--NOMBRE DE PERSONA
Nombre de persona Santos Fontenla, Carmen
Término indicativo de función/relación tr.
9 (RLIN) 48764
830 #0 - PUNTO DE ACCESO ADICIONAL DE SERIE-TÍTULO UNIFORME
Título uniforme Alianza Cien ;
Designación de volumen o secuencia 16
9 (RLIN) 12832
Holdings
Estado de retiro Estado de pérdida Restricciones de uso No para préstamo Código de colección Localización permanente Ubicación/localización actual Ubicación en estantería Fecha de adquisición Número de inventario Total de préstamos Signatura topográfica completa Código de barras Fecha visto por última vez Precio válido a partir de Tipo de ítem Koha
        Monografías: Libros y Folletos General General En catalogación 17.12.2010 LF1   612.62 K41c 23668-10 25.06.2020 25.06.2020 Préstamo en sala

Powered by Koha